| 000 | 01688 a2200397 4500 | ||
|---|---|---|---|
| 001 | 71370 | ||
| 999 |
_c71370 _d28428 |
||
| 003 | TR-AnTOB | ||
| 005 | 20230913171952.0 | ||
| 008 | 100925s20062007njua b 000 0 | ||
| 020 | _a9812566945 (alk. paper) | ||
| 020 | _a9789812566942 (alk. paper) | ||
| 020 | _a9812566953 (pbk. : alk. paper) | ||
| 020 | _a9789812566959 (pbk. : alk. paper) | ||
| 040 | _aTR-AnTOB | ||
| 041 | _aeng | ||
| 043 | _apcc | ||
| 050 |
_aTS171 _b.D465 2007 |
||
| 090 | _aTS171 .D465 2007 | ||
| 245 | 0 |
_aDesign-inspired innovation / _cJames Utterback ... [et al.]. |
|
| 264 | 1 |
_aHackensack, NJ: _bWorld Scientiific Pub., _cc2007. |
|
| 300 |
_axx, 259 p.: _bill.; _c23 cm. |
||
| 504 | _aIncludes bibliographical references (p. 239-248) and indexes. | ||
| 505 | _achapter 1. What Makes Products Great -- Chapter 2. Creating Design Classics -- Chapter 3- Integrating Function and Design -- Chapter 4. Managing the Design Process -- Chapter 5. The Work of Designers Design -- Chapter 6. Inspired innovation and the Design Discourse S Broadening Human Possibilities -- Chapter 7. Through Design -- Chapter 8. Design - Vision and Visualiing | ||
| 650 | 0 |
_aMühendislik tasarımı _xTeknolojik yenilikler _945844 |
|
| 650 |
_aEngineering design _xTechnological innovations _945845 |
||
| 650 | 0 |
_aEndüstriyel tasarım _960364 |
|
| 650 |
_aIndustrial design _921636 |
||
| 700 |
_aUtterback, James M., _d1941- _945841 |
||
| 700 |
_aVedin, Bengt Arne _945842 |
||
| 700 |
_aAlvarez, Eduardo _945843 |
||
| 856 | 0 | _aTable of contents only u http://www.loc.gov/catdir/toc/fy0713/2006049625.html. | |
| 902 | _a0024611, 0033086 | ||
| 903 | _aMerkez Kütüphane | ||
| 945 | _aMC, BS | ||
| 942 | _cBK | ||